000
00176nam a2200073Ia 4500
008
170524s9999 xx 000 0 und d
100
_a
BASANDRA- S K
245
0
_a
COMPUTER TODAY
260
_b
GALGOTIA PUB. HOUSE
999
_c
8287
_d
8287